| 000 | 00496nam a2200169 4500 | ||
|---|---|---|---|
| 001 | 140533 | ||
| 003 | ES-MaACL | ||
| 005 | 20230906200111.0 | ||
| 007 | t| | ||
| 008 | 070214s1908 fr r ||||1| fre d | ||
| 100 | 1 |
_aSeignobos, Charles ( _d1854-1942) _9105259 |
|
| 245 | 1 | 0 |
_aHistoire de la civilisation contemporaine / _cpar Ch. Seignobos. |
| 250 | _a5ème éd. | ||
| 260 |
_aParis : _b[s. n.], _c1908 ( _eCorbeil : _fCreté) |
||
| 300 |
_a424 p. ; _c18 x 12 cm. |
||
| 852 |
_aES-MaACL _jB-2694 |
||
| 999 |
_c140533 _d140533 |
||